000 00316nam a2200133Ia 4500
008 240624s9999 xx 000 0 und d
041 _aeng
082 _a004.3 SHA
100 _aSHAW ALAN C
245 _aREAL TIME SYSTEMS AND SOFTWARE
260 _c2002
_aSingapore
_bJohn Wiley
300 _avi, : 215
365 _cRS
999 _c1397
_d1397